| 000 | 01126nam a2200277 i 4500 | ||
|---|---|---|---|
| 003 | EG-ScBUE | ||
| 005 | 20231026102841.0 | ||
| 008 | 110914s1999 ua o f b 000 0acara d | ||
| 017 | _a99 / 11875 | ||
| 020 | _a9771996347 | ||
| 040 |
_aEG-ScBUE _bara _erda _cEG-ScBUE _dEG-ScBUE |
||
| 082 | 0 | 4 |
_222 _a962 _bم ن س |
| 100 | 1 |
_927181 _aمنسي، محمود حسن صالح، _eمؤلف. |
|
| 245 | 1 | 0 |
_aحلاوة زمان : _bسياحة في الزمان والمكان / _cللدكتور محمود حسن صالح منسي، جامعة الأزهر. |
| 264 | 1 |
_aالقاهرة : _bمحمود حسن صالح منسي، _c1999. |
|
| 300 |
_a406 صفحة : _bصور ؛ _c24 سم |
||
| 336 |
_2rdacontent _aنص _btxt |
||
| 337 |
_2rdamedia _aبدون وسيط _bn |
||
| 338 |
_2rdacarrier _aمجلد _bnc |
||
| 504 | _aيشتمل على إرجاعات ببليوجرافية. | ||
| 600 |
_927181 _aمنسي ، محمود حسن صالح _vتراجم |
||
| 651 | 7 |
_aمصر _xتاريخ _yالعصر الحديث (1805-). _2BUEsh |
|
| 651 | 7 |
_aمصر _vتراجم. _2BUEsh |
|
| 655 | _vReading book | ||
| 942 |
_2ddc _cBB |
||
| 999 |
_c16028 _d16028 |
||